00813cam a2200253 a 450000100090000000300120000900500170002100800410003801000170007902000150009604000120011105000210012308200120014410000370015624501310019325000120032426000580033630000360039450000200043065000310045070000250048185600260050685600270053212892125NUST - PNEC20170116180827.0020812s2002 enka 001 0 eng  a 2002511400 a0199249725 cLIBRARY00aQA300b.J82 200200a515 JOR1 aJordan, D. W.q(Dominic William)10aMathematical techniques :an introduction for the engineering, physical, and mathematical sciences /cD.W. Jordan and P. Smith. a3rd ed. aOxford ;aNew York :bOxford University Press,c2002. axviii, 862 p. :bill. ;c25 cm. aIncludes index. 0aMathematical analysis.xME1 aSmith, Peter,d1935-423Publisher description413Table of contents only